[Event "IECC CL3-2012.01 email"]
[Site "IECC email"]
[Date "2012.01.19"]
[Round "?"]
[White "Ayata, Tayfun"]
[Black "Rodrigues, Paulo Odonel"]
[Result "1/2-1/2"]
[WhiteElo "1952"]
[BlackElo "1835"]
[PlyCount "95"]
[EventDate "2012.??.??"]
[EventType "tourn (corr)"]
[EventRounds "4"]
[SourceTitle "Telechess CBM 165"]
[Source "ChessBase"]
[SourceDate "2015.03.11"]
[SourceVersion "1"]
[SourceVersionDate "2015.03.11"]
[SourceQuality "1"]
[WhiteTeam "Turkey"]
[BlackTeam "Brazil"]
[WhiteTeamCountry "TUR"]
[BlackTeamCountry "BRA"]

1. e4 c5 2. d4 cxd4 3. c3 dxc3 4. Nxc3 Nc6 5. Nf3 e6 6. Bc4 Bb4 7. 0-0 Bxc3 8. bxc3 Nge7 9. Qd6 0-0 10. Rd1 Qa5 11. Bd2 f5 12. e5 Ng6 13. Re1 Qa4 14. Bb3 Qa6 15. Kh1 Nb8 16. Qd4 Nc6 17. Qd6 Nb8 18. Qd4 Nc6 19. Qc5 b6 20. Qd6 Na5 21. h4 Bb7 22. h5 Bxf3 23. gxf3 Nh4 24. Qxd7 Nxb3 25. axb3 Qc8 26. Qxc8 Rfxc8 27. Re3 Rd8 28. Ra2 g5 29. hxg6 Nxg6 30. Re1 Rd3 31. f4 Rad8 32. Be3 R8d7 33. Rc2 Rc7 34. Rec1 Ne7 35. Kg2 Nd5 36. Bd2 Rg7+ 37. Kf1 Rg4 38. Ke2 Rh3 39. Ra2 a5 40. Ra4 Rhh4 41. Kf3 Rh3+ 42. Ke2 Rhh4 43. Kf3 Kf7 44. Rc4 Rh3+ 45. Ke2 Rhh4 46. Kf3 Rh3+ 47. Ke2 Rhh4 48. Kf3 1/2-1/2

[Event "IECC CL3-2006.18 email"]
[Site "IECC email"]
[Date "2007.01.07"]
[Round "?"]
[White "Stilman, Eduardo"]
[Black "Ayata, Tayfun"]
[Result "1-0"]
[WhiteElo "1937"]
[BlackElo "1945"]
[PlyCount "77"]
[EventDate "2006.??.??"]
[EventType "tourn (corr)"]
[EventRounds "4"]
[SourceTitle "Corr 2008"]
[Source "ChessBase"]
[SourceDate "2008.06.24"]
[SourceVersion "1"]
[SourceVersionDate "2008.06.24"]
[SourceQuality "1"]
[WhiteTeam "Uruguay"]
[BlackTeam "Turkey"]
[WhiteTeamCountry "URU"]
[BlackTeamCountry "TUR"]

1. e4 c5 2. Ne2 Nc6 3. Nbc3 g6 4. d4 cxd4 5. Nxd4 Bg7 6. Be3 d6 7. Be2 Nf6 8. Qd2 0-0 9. 0-0-0 Ng4 10. Bxg4 Bxg4 11. f3 Bd7 12. h4 h5 13. Nxc6 bxc6 14. Bh6 f6 15. Bxg7 Kxg7 16. g4 hxg4 17. h5 g5 18. e5 Bf5 19. exf6+ exf6 20. f4 d5 21. Ne2 Be4 22. Rhg1 Rb8 23. Rxg4 Qb6 24. Qc3 Qxb2+ 25. Qxb2 Rxb2 26. Kxb2 Bf3 27. Rg3 Bxe2 28. Re1 Bxh5 29. fxg5 f5 30. Re7+ Rf7 31. Rxf7+ Kxf7 32. Rc3 Kg6 33. Rxc6+ Kxg5 34. Rd6 Bf3 35. Kc3 Be4 36. Ra6 f4 37. Rxa7 Kf6 38. Kd2 f3 39. c3 1-0

[Event "IECC CL3-2006.02 email"]
[Site "IECC email"]
[Date "2006.02.13"]
[Round "?"]
[White "Ayata, Tayfun"]
[Black "Holanda, Dogeval Ferreira"]
[Result "1/2-1/2"]
[WhiteElo "1921"]
[BlackElo "1916"]
[PlyCount "78"]
[EventDate "2006.??.??"]
[EventType "tourn (corr)"]
[EventRounds "4"]
[SourceTitle "Corr 2015"]
[Source "ChessBase"]
[SourceDate "2015.07.17"]
[SourceVersion "1"]
[SourceVersionDate "2015.07.17"]
[SourceQuality "1"]

1. e4 e6 2. d4 d5 3. Nc3 dxe4 4. Nxe4 Nd7 5. Nf3 Ngf6 6. Nxf6+ Nxf6 7. Bd3 c5 8. 0-0 cxd4 9. Nxd4 Bc5 10. Be3 Bb6 11. Re1 0-0 12. Nb3 Bxe3 13. Rxe3 Qc7 14. Qd2 Rd8 15. Rd1 Bd7 16. Rg3 h6 17. Qe3 Bb5 18. Rc1 Bxd3 19. cxd3 Qd6 20. Rc4 Nd5 21. Qd2 Ne7 22. Qc3 Nf5 23. Rf3 b6 24. Rc6 Qd5 25. h3 a5 26. a4 Qd7 27. Rf4 Rab8 28. Nc1 Rdc8 29. Rcc4 Rxc4 30. Rxc4 Rd8 31. Qe1 Nd4 32. Qe5 f6 33. Qe4 e5 34. f4 b5 35. axb5 Qxb5 36. fxe5 fxe5 37. Ne2 Qxb2 38. Nxd4 exd4 39. Qe6+ Kh8 1/2-1/2

[Event "IECC CL3-2005.10 email"]
[Site "IECC email"]
[Date "2005.09.21"]
[Round "?"]
[White "Muller, Henri Louis"]
[Black "Ayata, Tayfun"]
[Result "1-0"]
[WhiteElo "1800"]
[BlackElo "1870"]
[PlyCount "75"]
[EventDate "2005.??.??"]
[EventType "tourn (corr)"]
[EventRounds "4"]
[SourceTitle "Corr 2008"]
[Source "ChessBase"]
[SourceDate "2008.06.24"]
[SourceVersion "1"]
[SourceVersionDate "2008.06.24"]
[SourceQuality "1"]

1. e4 c5 2. Nf3 d6 3. d4 cxd4 4. Nxd4 Nf6 5. Nc3 a6 6. Bg5 e6 7. f4 Qb6 8. Qd2 Qxb2 9. Rb1 Qa3 10. f5 Nc6 11. fxe6 fxe6 12. Nxc6 bxc6 13. e5 dxe5 14. Bxf6 gxf6 15. Ne4 Be7 16. Be2 0-0 17. Rb3 Qa4 18. c4 Kh8 19. 0-0 Ra7 20. Qh6 Qa5 21. Nxf6 Qc5+ 22. Kh1 Bxf6 23. Rxf6 Rg8 24. Rh3 e4 25. Rh5 Qd4 26. Rg5 Qd8 27. Rxg8+ Kxg8 28. Rf1 Rg7 29. Qf4 c5 30. Qxe4 Qc7 31. Bg4 Rg6 32. h3 Kh8 33. Qe3 Kg8 34. Bh5 Rg7 35. Rf5 Qb7 36. Rd5 Qb1+ 37. Rd1 Qb6 38. Qe5 1-0

[Event "IECC CL4-2005.03 email"]
[Site "IECC email"]
[Date "2005.02.16"]
[Round "?"]
[White "Ayata, Tayfun"]
[Black "Matthews, Michael"]
[Result "0-1"]
[WhiteElo "1786"]
[BlackElo "1704"]
[PlyCount "54"]
[EventDate "2005.??.??"]
[EventType "tourn (corr)"]
[EventRounds "4"]
[SourceTitle "Corr 2015"]
[Source "ChessBase"]
[SourceDate "2015.07.17"]
[SourceVersion "1"]
[SourceVersionDate "2015.07.17"]
[SourceQuality "1"]

1. e4 c5 2. d4 cxd4 3. Nf3 d6 4. Nxd4 Nf6 5. Nc3 a6 6. f3 e6 7. Be3 b5 8. g4 Bb7 9. g5 Nfd7 10. Qd2 Nb6 11. 0-0-0 N8d7 12. h4 Qc7 13. Nb3 b4 14. Nb1 Rc8 15. h5 Be7 16. h6 gxh6 17. Rxh6 Ne5 18. Bxb6 Qxb6 19. Be2 Ng6 20. Rh3 e5 21. Rg3 Nf4 22. Bf1 a5 23. Na1 Ba6 24. Qe1 a4 25. Rd2 h5 26. gxh6 Bh4 27. Bxa6 Qxa6 0-1

[Event "IECC M-5146"]
[Site "IECC email"]
[Date "2004.10.22"]
[Round "?"]
[White "Ayata, Tayfun"]
[Black "Cain, Charlie"]
[Result "1-0"]
[WhiteElo "1771"]
[BlackElo "1546"]
[PlyCount "84"]
[EventDate "2004.??.??"]
[EventType "tourn (corr)"]
[EventRounds "10"]
[SourceTitle "Corr 2020"]
[Source "ChessBase"]
[SourceDate "2019.09.30"]
[SourceVersion "1"]
[SourceVersionDate "2019.09.30"]
[SourceQuality "1"]
[WhiteTeam "Turkey"]
[BlackTeam "United States"]
[WhiteTeamCountry "TUR"]
[BlackTeamCountry "USA"]

1. e4 e5 2. Nf3 Nc6 3. d4 exd4 4. Nxd4 Nf6 5. Nxc6 bxc6 6. e5 Qe7 7. Qe2 Nd5 8. c4 Ba6 9. g3 Nb6 10. b3 Qe6 11. Bg2 Bb4+ 12. Bd2 Bxd2+ 13. Nxd2 0-0 14. 0-0 d5 15. Nf3 dxc4 16. Nd4 Qc8 17. Nxc6 cxb3 18. Qb2 Re8 19. Rfc1 Bb7 20. axb3 Qe6 21. Qc2 Qg4 22. Ne7+ Rxe7 23. Bxb7 Rae8 24. Rxa7 Rxe5 25. Qxc7 Qh3 26. Be4 Qh5 27. Qb7 Nd5 28. Bxd5 Rxd5 29. Rc8 Rdd8 30. Rxd8 Rxd8 31. Ra8 Qd1+ 32. Kg2 h6 33. Rxd8+ Qxd8 34. b4 Kf8 35. b5 Qe7 36. Qa8+ Qe8 37. Qxe8+ Kxe8 38. Kf3 Kd7 39. Ke4 Kc7 40. Kd5 Kb6 41. Kd6 Kxb5 42. Ke7 f6 1-0

[Event "IECC M-5146"]
[Site "IECC email"]
[Date "2004.10.22"]
[Round "?"]
[White "Cain, Charlie"]
[Black "Ayata, Tayfun"]
[Result "0-1"]
[WhiteElo "1528"]
[BlackElo "1939"]
[PlyCount "90"]
[EventDate "2004.??.??"]
[EventType "tourn (corr)"]
[EventRounds "10"]
[SourceTitle "Corr 2020"]
[Source "ChessBase"]
[SourceDate "2019.09.30"]
[SourceVersion "1"]
[SourceVersionDate "2019.09.30"]
[SourceQuality "1"]
[WhiteTeam "United States"]
[BlackTeam "Turkey"]
[WhiteTeamCountry "USA"]
[BlackTeamCountry "TUR"]

1. e4 e5 2. Nf3 Nc6 3. Bb5 f5 4. d3 fxe4 5. dxe4 Nf6 6. 0-0 d6 7. Nc3 Be7 8. a3 Bg4 9. h3 Bh5 10. g4 Bg6 11. Nh4 Nxe4 12. Nxg6 Nxc3 13. Qf3 Nxb5 14. Nxh8 Nbd4 15. Qd3 Kd7 16. Nf7 Qf8 17. c3 Ne6 18. Nxd6 cxd6 19. Qxh7 Qf6 20. Qd3 Rh8 21. b4 Qh4 22. Kg2 e4 23. Qg3 Qh7 24. Rd1 Ne5 25. Be3 Nc4 26. Rd5 Rf8 27. Rh5 Qg6 28. Rb5 Kc6 29. Rf5 Bh4 30. Rxf8 Bxg3 31. Rc8+ Nc7 32. Kxg3 Nxe3 33. fxe3 Qf6 34. b5+ Kb6 35. a4 Qxc3 36. Ra2 Qxe3+ 37. Kh2 Ne6 38. a5+ Kxb5 39. Rb8 Nf4 40. Rxb7+ Ka6 41. Rc7 Qxh3+ 42. Kg1 Qxg4+ 43. Kh2 e3 44. Rc6+ Kb5 45. Rcc2 e2 0-1

[Event "IECC CL4-2004.14 email"]
[Site "IECC email"]
[Date "2004.08.22"]
[Round "?"]
[White "Ayata, Tayfun"]
[Black "Stripes, James"]
[Result "1-0"]
[WhiteElo "1761"]
[BlackElo "1639"]
[PlyCount "41"]
[EventDate "2004.??.??"]
[EventType "tourn (corr)"]
[EventRounds "4"]
[SourceTitle "Corr 2008"]
[Source "ChessBase"]
[SourceDate "2008.06.24"]
[SourceVersion "1"]
[SourceVersionDate "2008.06.24"]
[SourceQuality "1"]

1. e4 e6 2. d4 d5 3. Nc3 Nf6 4. Bg5 dxe4 5. Nxe4 Be7 6. Bxf6 Bxf6 7. Nf3 0-0 8. Qd2 Be7 9. Bd3 Nd7 10. 0-0-0 b6 11. Neg5 Bxg5 12. Nxg5 Nf6 13. f3 Bb7 14. Kb1 h6 15. h4 a5 16. Qf2 Nh5 17. g4 Nf4 18. Bh7+ Kh8 19. Be4 Bxe4 20. fxe4 Ng6 21. Nxf7+ 1-0

[Event "IECC CL4-2004.12 email"]
[Site "IECC email"]
[Date "2004.07.25"]
[Round "?"]
[White "Ertl, Reinhold"]
[Black "Ayata, Tayfun"]
[Result "0-1"]
[WhiteElo "1763"]
[BlackElo "1746"]
[PlyCount "62"]
[EventDate "2004.??.??"]
[EventType "tourn (corr)"]
[EventRounds "4"]
[SourceTitle "Corr 2008"]
[Source "ChessBase"]
[SourceDate "2008.06.24"]
[SourceVersion "1"]
[SourceVersionDate "2008.06.24"]
[SourceQuality "1"]

1. Nf3 Nf6 2. e3 g6 3. d4 Bg7 4. Bd3 0-0 5. 0-0 d6 6. Nc3 c5 7. dxc5 dxc5 8. Qe2 Nc6 9. Rd1 Bd7 10. Ne4 Nxe4 11. Bxe4 Qc7 12. Qb5 f5 13. Bd5+ e6 14. Bb3 b6 15. Qd3 Rad8 16. Ng5 Rfe8 17. c3 Ne5 18. Qe2 c4 19. Bc2 Bc6 20. Rd2 Rxd2 21. Bxd2 Qd8 22. Nh3 Nd3 23. b3 Qd5 24. f3 Bb5 25. a4 cxb3 26. Bxb3 Qxb3 27. axb5 Rd8 28. e4 Qc2 29. Kf1 fxe4 30. Ng5 Qb2 31. Rc1 Nxc1 0-1

[Event "IECC CL4-2004.12 email"]
[Site "IECC email"]
[Date "2004.07.23"]
[Round "?"]
[White "Ayata, Tayfun"]
[Black "Sigrist, Alexandre"]
[Result "1-0"]
[WhiteElo "1766"]
[BlackElo "1772"]
[PlyCount "95"]
[EventDate "2004.??.??"]
[EventType "tourn (corr)"]
[EventRounds "4"]
[SourceTitle "Corr 2008"]
[Source "ChessBase"]
[SourceDate "2008.06.24"]
[SourceVersion "1"]
[SourceVersionDate "2008.06.24"]
[SourceQuality "1"]

1. e4 c5 2. Nf3 Nc6 3. Bb5 g6 4. Bxc6 dxc6 5. d3 Bg7 6. h3 Nf6 7. Nc3 0-0 8. Be3 b6 9. Qd2 e5 10. Bh6 Qd6 11. 0-0 Nh5 12. Ne2 Be6 13. Bxg7 Kxg7 14. Qc3 f6 15. g4 Nf4 16. Nxf4 exf4 17. Rfe1 Qe7 18. d4 Rad8 19. dxc5 Qxc5 20. Qxc5 bxc5 21. e5 Bd5 22. exf6+ Rxf6 23. Ne5 g5 24. c4 Bg8 25. Nf3 Bxc4 26. Nxg5 Rg6 27. Nf3 Bd5 28. Rad1 Rb8 29. Nh4 Re6 30. Rxe6 Bxe6 31. b3 Kf6 32. Ng2 c4 33. bxc4 Bxc4 34. Nxf4 Bxa2 35. Rd7 Ra8 36. Rxh7 a5 37. Rh5 a4 38. Rc5 Ra6 39. Nd3 Bg8 40. Nb4 Rb6 41. Nc2 Ra6 42. Rf5+ Kg6 43. Na3 Rb6 44. Ra5 Bb3 45. Kh2 Rb4 46. Ra6 Bd5 47. Nc2 Rb2 48. Ne3 1-0

[Event "IECC CL4-2004.08 email"]
[Site "IECC email"]
[Date "2004.04.27"]
[Round "?"]
[White "Ayata, Tayfun"]
[Black "Baumann, Dariusz"]
[Result "1-0"]
[WhiteElo "1718"]
[BlackElo "1797"]
[PlyCount "83"]
[EventDate "2004.??.??"]
[EventType "tourn (corr)"]
[EventRounds "4"]
[SourceTitle "Corr 2008"]
[Source "ChessBase"]
[SourceDate "2008.06.24"]
[SourceVersion "1"]
[SourceVersionDate "2008.06.24"]
[SourceQuality "1"]

1. e4 c5 2. Nf3 Nc6 3. Bb5 e6 4. Bxc6 bxc6 5. d3 Be7 6. 0-0 Qc7 7. e5 f6 8. Bf4 Qd8 9. Nh4 g5 10. Qh5+ Kf8 11. exf6 Bxf6 12. Bd6+ Kg7 13. Nf3 Bxb2 14. Be5+ Bxe5 15. Nxe5 Nh6 16. f4 gxf4 17. Rxf4 Rf8 18. Rh4 Qf6 19. Nd2 Qf2+ 20. Kh1 Qxd2 21. Nc4 Rf5 22. Nxd2 Rxh5 23. Rxh5 d5 24. Rf1 Bd7 25. Rg5+ Kh8 26. Nb3 Re8 27. Nxc5 Bc8 28. Rf6 Nf5 29. g4 Nd6 30. Kg2 a5 31. a4 Rg8 32. Rxg8+ Kxg8 33. Nxe6 Nf7 34. Kg3 Bd7 35. Kf4 Be8 36. h4 Bd7 37. g5 d4 38. Nxd4 c5 39. Nf5 Bxa4 40. Ra6 Kf8 41. Ra8+ Be8 42. h5 1-0